01434nam a22001817a 4500008004100000020001500041082001400056100002500070245009900095260004300194300002900237505078200266650003301048655002401081700002301105999001301128952011101141140829b xxu||||| |||| 00| 0 eng d a8474327873 a501bL359 aLatour, Bruno 91398 aLa Esperanza de PandorabEnsayos sobre la realidad de los estudios de la cienciacBruno Latour aBarcelonabEditorial Gedisa, S.Ac2001 a382 p bill. colc23 cm  tLa Esperanza de Pandora: Ensayos sobre la realidad de los estudios de la ciencia. Bruno Latour. t¿Cree usted en la realidad? Noticias desde las trincheras de las guerras de la ciencia. La Referencia circulante, Muestreo de tierra en la selva amazónica. De la Fabricación a la Realidad, Pasteur y su fermento del ácido láctico. La historicidad de las cosas ¿Donde estaban los microbios antes de Pasteur?. Un colectivo de humanos y no humanos, Un recorrido por el laberinto de Dédalo. La invasión de las guerras de la ciencia, El pacto de Sócrates y Calicles. Una politica liberada de la ciencia, El cuerpo cosmopolito. La leve sorpresa de la acción, Hechos, Fetiches y Factiches. Conclusión ¿Que artificio consegurá liberar la esperanza de Pandora?  aSociologia y ciencias 91399 aSociología 91400 aBruno Latour91401 c299d299 00102ddc4070aLVbLVcPensamientod2014-08-29l0o501 L359p000300r2014-08-29 00:00:00w2014-08-29y01